| 000 | 00931nam a2200265 a 4500 | ||
|---|---|---|---|
| 999 |
_c891 _d891 |
||
| 001 | 891 | ||
| 003 | BD-JhCC | ||
| 005 | 20171011131146.0 | ||
| 008 | 171011s2015 bg |||| ||a| 000 0 ben d | ||
| 020 | _a9789849104216 | ||
| 035 | _a(BD-JhCC)891 | ||
| 040 |
_aBD-JhCC _dBD-JhCC |
||
| 041 | _aben | ||
| 082 |
_a923.1 _bVAB 2015 |
||
| 245 |
_aভাব - বুদ্বুদ : _bআহমদ শরীফের ডায়েরী / _cসম্পাদনায়- নেহাল করিম; মোহাম্মদ আজম; খোরেশদ আলম |
||
| 260 |
_aঢাক : _bজাগৃতি প্রকাশনী, _c2015 |
||
| 300 |
_a208 p.; _c22 cm. |
||
| 600 | _aSharif, Ahammad | ||
| 650 |
_aBangali Literature _xEssays |
||
| 700 | _aকরিম, নেহাল | ||
| 700 | _aআজম, মোহাম্মদ | ||
| 700 | _aআলম, খোরেশদ | ||
| 942 |
_2ddc _cBK |
||